MARINOS THE ICU BOOK (Record no. 14301)

MARC details
000 -LEADER
fixed length control field 00260nam a22001217a 4500
003 - CONTROL NUMBER IDENTIFIER
control field SGT
082 ## - DEWEY DECIMAL CLASSIFICATION NUMBER
Classification number 617.96
Item number M17M
100 ## - MAIN ENTRY--PERSONAL NAME
Personal name MARINO,PAUL L
245 ## - TITLE STATEMENT
Title MARINOS THE ICU BOOK
260 ## - PUBLICATION, DISTRIBUTION, ETC. (IMPRINT)
Place of publication, distribution, etc INDIA
Name of publisher, distributor, etc WOLTER KLUWER
Year of Publication 2017
300 ## - PAGE DESCRIPTION
No. of Pages 1059
942 ## - ADDED ENTRY ELEMENTS (KOHA)
Source of classification or shelving scheme Dewey Decimal Classification
Koha item type Books
942 ## - ADDED ENTRY ELEMENTS (KOHA)
-- 1
Holdings
Withdrawn status Lost status Source of classification or shelving scheme Damaged status Not for loan Collection code Home library Current library Shelving location Date acquired Vendor Name Cost, normal purchase price SGTU Bill Number Total Checkouts Full call number Accession No. (Barcode) Date last seen Bill Date Koha item type Date last borrowed
    Dewey Decimal Classification     MEDICAL SGT Medical Library SGT Medical Library Reference Book 27/12/2017 ABC DELHI 3250.00 SGTU 8708   617.96 M17M FM9188 27/12/2017 02/09/2007 Books  
    Dewey Decimal Classification     MEDICAL SGT Medical Library SGT Medical Library Reference Book 27/12/2017 ABC DELHI 3250.00 SGTU 8708 3 617.96 M17M FM9189 03/11/2025 02/09/2007 Books 03/11/2025